MARC

LEADER 00000nas a22000007a 4500
001 ssj0013687
003 WaSeSS
005 20200512172242.0
006 m d
007 cr n
008 921002c19919999abctr p s 0 a0eng
010 |a cn 92032065  
015 |a 920320651  |2 can 
016 |a (AMICUS)000011647958 
016 7 |a 982422237  |2 DE-101 
016 7 |a 2263640-7  |2 DE-600 
016 7 |a 101236465  |2 DNLM 
016 7 |a 009200470  |2 Uk 
022 |y 1188-8725 
030 |a HELRED 
035 |a (WaSeSS)ssj0013687 
037 |b Health Law Institute, 461 Law Centre, University of Alberta, Edmonton, Alta. T6G 2H5 
040 |a NLC  |b eng  |c NLC  |d OCLCO  |d QE2  |d SFB  |d OCLCO  |d OCLCF  |d CGC  |d CAS  |d NLM  |d LGG  |d U9S  |d GBVCP  |d UKMGB  |d EUW  |d OCLCO  |d OCLCA  |d OCLCQ  |d OCLCA  |d WaSeSS 
042 |a nlc  |a isds/c 
043 |a n-cn--- 
055 0 1 |a KE3650 
060 0 0 |a W1  |b HE403C 
082 1 |a 344.71  |2 12 
084 |a cci1icc  |2 lacc 
210 0 |a Health law rev. 
222 0 |a Health law review 
245 0 0 |a Health law review  |h [electronic resource]. 
260 |a Edmonton :  |b Health Law Institute,  |c 1991- 
310 |a Three times a year. 
362 0 |a Vol. 1, no. 1 (Nov. 1991)- 
365 |a Limited free distribution. 
500 |a Title from cover. 
506 |a License restrictions may limit access. 
650 0 |a Medical laws and legislation  |z Alberta  |x Periodicals. 
650 0 |a Medical laws and legislation  |x Periodicals. 
650 0 |a Law  |z Alberta  |v Periodicals. 
650 7 |a Law.  |2 fast  |0 (OCoLC)fst00993678 
650 7 |a Medical laws and legislation.  |2 fast  |0 (OCoLC)fst01014309 
650 1 2 |a Legislation. 
650 2 2 |a Jurisprudence. 
650 6 |a Médecine  |x Droit  |z Canada  |v Périodiques. 
651 7 |a Alberta.  |2 fast  |0 (OCoLC)fst01204828 
651 2 |a Canada. 
655 0 |a Electronic journals. 
710 2 |a Health Law Institute. 
780 0 0 |t Health law news.  |d Edmonton : Health Law Institute, 1987-1991.  |x 1193-1973  |w (CaOONL) 92032066X  |w (OCoLC)26714652  |w (DLC)cn 92032066 
856 4 0 |z Full text available from Research Library: 10/01/2004 to 09/30/2014  |u https://search.proquest.com/publication/43601